000 00453nam a2200133 4500
999 _c13978
_d13978
008 190718b ||||| |||| 00| 0 eng d
082 _aDPer 050 T48 Apr-June 2016 v. 187 n. 12-24
100 _aMurdoch, Wendi.
_938909
245 _aGuo Pei:
_bChina's hautest couturier/
_cWendi Murdoch.
260 _aHong Kong:
_bTime Asia,
_cc2016.
300 _av187 n16-17, page 52:
_billustrations;
_c27 cm.
650 _aFashion designers.
_938910
942 _2ddc
_cPER